000 00634nam a2200181 a 4500
005 20140412111304.0
008 001115s19uu xx 00 eng d
020 _a0-394--82286-2
050 _aER
_bBe38 1971
100 _aBerenstain, Stanley
245 _aBears in the night /
_cby Stanley and Janice Berenstain.
260 _aNew York :
_bRandom House,
_c1971.
300 _a[35] p. ; col. ; ill.
440 _aA Brightly and early book, BE 10
520 _aSeven bears sneak out to bed, through the window and across the dark countryside to investigate the source of a noise.
650 _aBears -- Stories
999 _c103570
_d103570